Kannada sahitya sangathi: kannada sahitya beledubanda bage (Record no. 224636)
[ view plain ]
| 000 -LEADER | |
|---|---|
| fixed length control field | 02217nam a22002777a 4500 |
| 005 - DATE AND TIME OF LATEST TRANSACTION | |
| control field | 20220922114201.0 |
| 008 - FIXED-LENGTH DATA ELEMENTS--GENERAL INFORMATION | |
| fixed length control field | 220922b ||||| |||| 00| 0 eng d |
| 020 ## - INTERNATIONAL STANDARD BOOK NUMBER | |
| International Standard Book Number | 9789383052998 |
| 040 ## - CATALOGING SOURCE | |
| Transcribing agency | AL |
| 041 ## - LANGUAGE CODE | |
| Language code of text/sound track or separate title | kan |
| 082 ## - DEWEY DECIMAL CLASSIFICATION NUMBER | |
| Edition number | 23 |
| Classification number | K894.8 |
| Item number | HARK |
| 100 ## - MAIN ENTRY--PERSONAL NAME | |
| Personal name | G B Harish: ಜಿ ಬಿ ಹರೀಶ್ Ed |
| 100 ## - MAIN ENTRY--PERSONAL NAME | |
| 9 (RLIN) | 58191 |
| 245 ## - TITLE STATEMENT | |
| Title | Kannada sahitya sangathi: kannada sahitya beledubanda bage |
| Remainder of title | ಕನ್ನಡ ಸಾಹಿತ್ಯ ಸಂಗಾತಿ: ಕನ್ನಡ ಸಾಹಿತ್ಯ ಬೆಳೆದುಬಂದ ಬಗೆ |
| 260 ## - PUBLICATION, DISTRIBUTION, ETC. | |
| Place of publication, distribution, etc. | Bengaluru |
| Name of publisher, distributor, etc. | Vasanta Prakashana |
| Date of publication, distribution, etc. | 2015 |
| 300 ## - PHYSICAL DESCRIPTION | |
| Extent | xxvii,611p. |
| Other physical details | PB |
| Dimensions | 21x13cm. |
| 365 ## - TRADE PRICE | |
| Source of price type code | Kannada |
| Price type code | BLCR-000079 |
| Price amount | 236.00 |
| Currency code | ₹ |
| Unit of pricing | 295.00 |
| Price note | 20% |
| Price effective from | 06-09-2022 |
| 520 ## - SUMMARY, ETC. | |
| Summary, etc. | ೧. ಕನ್ನಡ ಭಾಷೆ <br/>೨ ಛಂದಸ್ಸು <br/>೩ ಶಾಸನ ಶಸ್ತ್ರ ಮತ್ತು ಕನ್ನಡ ಶಾಸನ ಸಾಹಿತ್ಯ <br/>೪ ಗ್ರಂಥ ಸಂಪಾದನೆ ಮತ್ತು ಹಸ್ತಪ್ರತಿ ಶಾಸ್ತ್ರ <br/>೫. ಕಾವ್ಯಮೀಮಾಂಸೆ <br/>೬. ಜಾನಪದ <br/>೭ ಹಳಗನ್ನಡ ರೂಪ ಪ್ರಕಾರಗಳು ಹಾಗೂ ಅನ್ಯಭಾಷಾ ಪ್ರೇರಣೆ ಮತ್ತು ಪ್ರಭಾವ <br/>೮ ತಾವುಲನಿಕ ಸಾಹಿತ್ಯ <br/>೯ ಹಳಗನ್ನಡದ ಪ್ರಮುಖ ಕೃತಿಗಳು ಕವಿಗಳು <br/>೧೦ ಹೊಸಗನ್ನಡ ಸಾಹಿತ್ಯ ಪ್ರಕಾರಗಳು <br/>೧೧ ಹೊಸಗನ್ನಡ ಸಾಹಿತ್ಯ ರಚನೆಗಳು ಹಾಗೂ ಕೃತಿಕಾರರು <br/>೧೨ ಕನ್ನಡದ ಕೆಲವು ಸಾಹಿತ್ಯ ಪತ್ರಿಕೆಗಳು |
| 650 ## - SUBJECT ADDED ENTRY--TOPICAL TERM | |
| Topical term or geographic name entry element | Kannada Language: ಕನ್ನಡ ಭಾಷೆ |
| 9 (RLIN) | 58158 |
| 650 ## - SUBJECT ADDED ENTRY--TOPICAL TERM | |
| Topical term or geographic name entry element | Janapada: ಜಾನಪದ |
| 9 (RLIN) | 58159 |
| 650 ## - SUBJECT ADDED ENTRY--TOPICAL TERM | |
| Topical term or geographic name entry element | Vachana Sahitya: ವಚನ ಸಾಹಿತ್ಯ |
| 9 (RLIN) | 58160 |
| 650 ## - SUBJECT ADDED ENTRY--TOPICAL TERM | |
| Topical term or geographic name entry element | Kannada Poets: ಕನ್ನಡ ಕವಿಗಳು |
| 9 (RLIN) | 58161 |
| 650 ## - SUBJECT ADDED ENTRY--TOPICAL TERM | |
| Topical term or geographic name entry element | Kannada Novelist: ಕನ್ನಡ ಕಾದಂಬರಿಕಾರರು |
| 9 (RLIN) | 58162 |
| 650 ## - SUBJECT ADDED ENTRY--TOPICAL TERM | |
| Topical term or geographic name entry element | Competitive Exams: ಸ್ಪರ್ಧಾತ್ಮಕ ಪರೀಕ್ಷೆ |
| 9 (RLIN) | 58175 |
| 700 ## - ADDED ENTRY--PERSONAL NAME | |
| Personal name | HARISH (G B): ಹರೀಶ್ (ಜಿ ಬಿ) Ed |
| 9 (RLIN) | 58163 |
| 942 ## - ADDED ENTRY ELEMENTS (KOHA) | |
| Source of classification or shelving scheme | Dewey Decimal Classification |
| Koha item type | Book |
| Withdrawn status | Lost status | Source of classification or shelving scheme | Damaged status | Not for loan | Collection code | Home library | Current library | Date acquired | Source of acquisition | Cost, normal purchase price | Total Checkouts | Full call number | Barcode | Date last seen | Cost, replacement price | Price effective from | Koha item type |
|---|---|---|---|---|---|---|---|---|---|---|---|---|---|---|---|---|---|
| Dewey Decimal Classification | Kannada | St Aloysius Library | St Aloysius Library | 09/16/2022 | Navakarnataka Publications Pvt.Ltd. | 236.00 | K894.8 HARK | 076058 | 09/22/2022 | 295.00 | 09/22/2022 | Book |